ბათუმის შოთა რუსთაველის სახელმწიფო უნივერსიტეტის ბიბლიოთეკა

ილიადა / (ბიბ.ჩანაწერი № 54179)

000 -ლიდერი
ფიქსირებული სიგრძის საკონტროლო ველი 01604nam a2200289Ia 4500
001 - საკონტროლო ნომერი
საკონტროლო ველი 21235
003 - საკონტროლო ნომრის იდენტიფიკატორი
საკონტროლო ველი GE_BSU
005 - ბოლო ოპერაციის თარიღი და დრო
საკონტროლო ველი 20210204125913.0
008 - ფიქსირებული სიგრძის მონაცემთა ელემენტები - ზოგადი ინფორმაცია
ფიქსირებული სიგრძის საკონტროლო ველი 181216s2015||||ge |||||||||||||| ||geo||
020 ## - წიგნის საერთაშორისო სტანდარტული ნომერი
International Standard Book Number 9789941233647
040 ## - კატალოგიზაციის წყარო
Transcribing agency GE_BSU
041 ## - ენის კოდი
Language code of text/sound track or separate title geo
080 ## - უნივერსალური ათობითი კლასიფიკაციის ინდექსი
Universal Decimal Classification number 821.14'01-13=353.1 ჰ-80
100 ## - მთავარი ჩანაწერი - პიროვნების სახელი
Personal name ჰომეროსი
9 (RLIN) 10092
245 ## - ცნობა სათაურის შესახებ
Title ილიადა /
Statement of responsibility, etc ჰომეროსი ; ძვ. ბერძნულიდან თარგმნა და კომენტ. დაურთო ლევან ბერძენიშვილმა ; რედ. ლელა ტუღუში ; ყდის დიზაინერი ნათია კვარაცხელია ; დიზაინერები: ია მახათაძე, ლადო ლომსაძე.
264 ## - წარმოების, გამოცემის, დისტრიბუციის და სხვა ცნობები
გამოცემის, წარმოების, დისტრიბუციის... ადგილი თბილისი.
გამოცემის, წარმოების, დისტრიბუციის... სახელწოდება ბაკურ სულაკაურის გამ-ბა,
გამოცემის, წარმოების, დისტრიბუციის... თარიღი 2015.
300 ## - ფიზიკური აღწერა
Extent 501 გვ. ;
Other physical details 20 სმ.
653 ## - INDEX TERM--UNCONTROLLED
Uncontrolled term ილიადა
653 ## - INDEX TERM--UNCONTROLLED
Uncontrolled term ლიტერატურა
653 ## - INDEX TERM--UNCONTROLLED
Uncontrolled term ძველი ბერძნული ლიტერატურა
700 ## - ADDED ENTRY--PERSONAL NAME
Personal name ბერძენიშვილი, ლ.
Relator term მთარგმნელი
9 (RLIN) 3491
700 ## - ADDED ENTRY--PERSONAL NAME
Personal name ტუღუში, ლ.
Relator term რედაქტორი
9 (RLIN) 10093
700 ## - ADDED ENTRY--PERSONAL NAME
Personal name კვარაცხელია, ნ.
Relator term ყდის დიზაინერი
9 (RLIN) 3592
700 ## - ADDED ENTRY--PERSONAL NAME
Personal name მახათაძე, ი.
Relator term დიზაინერი
9 (RLIN) 10094
700 ## - ADDED ENTRY--PERSONAL NAME
Personal name ლომსაძე, ლ.
Relator term დიზაინერი
9 (RLIN) 10095
942 ## - ADDED ENTRY ELEMENTS (KOHA)
Koha item type წიგნი
Source of classification or shelving scheme
ეგზემპლარები
ჩამოწერის სტატუსი დაკარგული ეგზემპლარის სტატუსი კლასიფიკაციის წყარო ან თაროზე გაწყობის სქემა დაზიანების სტატუსი არ გაიცემა მუდმივი მდებარეობა (დაცვის ადგილი) ამჟამინდელი ადგილსამყოფელი თაროზე განთავსების ადგილი შეძენის თარიღი ღირებულება, შესყიდვის ნორმალური ფასი სრული შენახვის შიფრი შტრიხკოდი ბოლო ოპერაციის თარიღი ეგზემპლარის მიმდევრობითი ნომერი (კეტერი?) ფასის ძალაში შესვლის თარიღი ეგზემპლარის სახეობა საჯარო შენიშვნა
          ბათუმის შოთა რუსთაველის სახელმწიფო უნივერსიტეტის მთავარი ბიბლიოთეკა ბათუმის შოთა რუსთაველის სახელმწიფო უნივერსიტეტის მთავარი ბიბლიოთეკა წიგნსაცავი 2018-12-17 14.40 821.14'01-13=353.1 ჰ-80 55036 2018-12-17 55036 2018-12-17 წიგნი 14 ლ.40 თ.
          ბათუმის შოთა რუსთაველის სახელმწიფო უნივერსიტეტის მთავარი ბიბლიოთეკა ბათუმის შოთა რუსთაველის სახელმწიფო უნივერსიტეტის მთავარი ბიბლიოთეკა წიგნსაცავი 2018-12-17 14.40 821.14'01-13=353.1 ჰ-80 55037 2018-12-17 55037 2018-12-17 წიგნი 14 ლ. 40 თ.
          ბათუმის შოთა რუსთაველის სახელმწიფო უნივერსიტეტის მთავარი ბიბლიოთეკა ბათუმის შოთა რუსთაველის სახელმწიფო უნივერსიტეტის მთავარი ბიბლიოთეკა წიგნსაცავი 2018-12-17 14.40 821.14'01-13=353.1 ჰ-80 55038 2018-12-17 55038 2018-12-17 წიგნი 14 ლ.40 თ.
          ბათუმის შოთა რუსთაველის სახელმწიფო უნივერსიტეტის მთავარი ბიბლიოთეკა ბათუმის შოთა რუსთაველის სახელმწიფო უნივერსიტეტის მთავარი ბიბლიოთეკა წიგნსაცავი 2018-12-17 14.40 821.14'01-13=353.1 ჰ-80 55039 2018-12-17 55039 2018-12-17 წიგნი 14 ლ.40 თ.
          ბათუმის შოთა რუსთაველის სახელმწიფო უნივერსიტეტის მთავარი ბიბლიოთეკა ბათუმის შოთა რუსთაველის სახელმწიფო უნივერსიტეტის მთავარი ბიბლიოთეკა წიგნსაცავი 2018-12-17 14.40 821.14'01-13=353.1 ჰ-80 55040 2018-12-17 55040 2018-12-17 წიგნი 14 ლ. 40 თ.
          ბათუმის შოთა რუსთაველის სახელმწიფო უნივერსიტეტის მთავარი ბიბლიოთეკა ბათუმის შოთა რუსთაველის სახელმწიფო უნივერსიტეტის მთავარი ბიბლიოთეკა წიგნსაცავი 2018-12-17 14.40 821.14'01-13=353.1 ჰ-80 55041 2018-12-17 55041 2018-12-17 წიგნი 14 ლ. 40 თ.
          ბათუმის შოთა რუსთაველის სახელმწიფო უნივერსიტეტის მთავარი ბიბლიოთეკა ბათუმის შოთა რუსთაველის სახელმწიფო უნივერსიტეტის მთავარი ბიბლიოთეკა წიგნსაცავი 2018-12-17 14.40 821.14'01-13=353.1 ჰ-80 55042 2018-12-17 55042 2018-12-17 წიგნი 14 ლ. 40 თ.
          ბათუმის შოთა რუსთაველის სახელმწიფო უნივერსიტეტის მთავარი ბიბლიოთეკა ბათუმის შოთა რუსთაველის სახელმწიფო უნივერსიტეტის მთავარი ბიბლიოთეკა წიგნსაცავი 2018-12-17 14.40 821.14'01-13=353.1 ჰ-80 55043 2018-12-17 55043 2018-12-17 წიგნი 14 ლ. 40 თ.
          ბათუმის შოთა რუსთაველის სახელმწიფო უნივერსიტეტის მთავარი ბიბლიოთეკა ბათუმის შოთა რუსთაველის სახელმწიფო უნივერსიტეტის მთავარი ბიბლიოთეკა წიგნსაცავი 2018-12-17 14.40 821.14'01-13=353.1 ჰ-80 55044 2018-12-17 55044 2018-12-17 წიგნი 14 ლ. 40 თ.
          ბათუმის შოთა რუსთაველის სახელმწიფო უნივერსიტეტის მთავარი ბიბლიოთეკა ბათუმის შოთა რუსთაველის სახელმწიფო უნივერსიტეტის მთავარი ბიბლიოთეკა წიგნსაცავი 2018-12-17 14.40 821.14'01-13=353.1 ჰ-80 55045 2018-12-17 55045 2018-12-17 წიგნი 14 ლ. 40 თ.